logo

Bir Sreshtho Munshi Abdur Rouf Library
Jhenaidah Cadet College

GCSE biology / (Record no. 7649)

MARC details
000 -LEADER
fixed length control field 00822nam a2200289 a 4500
001 - CONTROL NUMBER
JCCL Control Number 7649
003 - CONTROL NUMBER IDENTIFIER
JCCL marc code BD-JhCC
005 - DATE AND TIME OF LATEST TRANSACTION
control field 20181027134006.0
008 - FIXED-LENGTH DATA ELEMENTS--GENERAL INFORMATION
fixed length control field 180212s2002 enka 001 0 eng d
020 ## - INTERNATIONAL STANDARD BOOK NUMBER
International Standard Book Number 0719586151
035 ## - SYSTEM CONTROL NUMBER
system control number (BD-JhCC)7649
040 ## - CATALOGING SOURCE
Original cataloging agency BD-JhCC
Modifying agency BD-JhCC
041 ## - LANGUAGE CODE
Language code of Book eng
082 0# - DEWEY DECIMAL CLASSIFICATION NUMBER
Classification number 570
DDC Edition number 21
Author mark and Year MUR 2006
100 1# - MAIN ENTRY--PERSONAL NAME
Personal name Mackean, D. G.
Fuller form of name (Donald Gordon)
245 10 - TITLE STATEMENT
Title GCSE biology /
Statement of responsibility, etc D.G. Mackean.
250 ## - EDITION STATEMENT
Edition statement 3rd ed.
260 ## - PUBLICATION, DISTRIBUTION, ETC. (IMPRINT)
Place of publication, distribution, etc London :
Name of publisher, distributor, etc John Murray,
Date of publication, distribution, etc 2002.
300 ## - PHYSICAL DESCRIPTION
Pagination ix, 374 p. :
Other physical details ill. (chiefly col.), facsim., map ;
Dimensions 28 cm.
500 ## - GENERAL NOTE
General note Includes index.
500 ## - GENERAL NOTE
General note Previous ed.: 1995.
504 ## - BIBLIOGRAPHY, ETC. NOTE
Bibliography, etc Includes Index
650 #0 - SUBJECT ADDED ENTRY--TOPICAL TERM
Topical term or geographic name as entry element Biology
Form subdivision Juvenile literature.
650 #0 - SUBJECT ADDED ENTRY--TOPICAL TERM
Topical term or geographic name as entry element Biology
Form subdivision Problems, exercises, etc.
-- Juvenile literature.
942 ## - ADDED ENTRY ELEMENTS (KOHA)
Source of classification or shelving scheme Dewey Decimal Classification
Koha item type Books
Koha issues (borrowed), all copies 1
Holdings
Source of classification or shelving scheme Damaged status Not for loan Home library Current library Shelving location Date of accession Total Checkouts Full call number Barcode Date last seen Date checked out Copy number Koha item type
Dewey Decimal Classification     JCC Rouf Library JCC Rouf Library General Stacks 02/12/2018 4 570 MUR 2006 10214 07/11/2024 07/07/2024 C-1 Books
Dewey Decimal Classification     JCC Rouf Library JCC Rouf Library General Stacks 11/17/2024 1 570 MUR 2006 11902 11/18/2024 11/17/2024 C - 2 Books

JCC Library | Contacts | JCC Home

Last Update on 23 September 2017
Copyright @ 2017-2020 JCC Rouf Library
Rouf Library, Jhenidah Cadet College (JCC), Bangladesh